Statistiques concernant Paroles : Ta Katie t'a quitté - Boby Lapointe

Cliquez ici pour prendre le quiz!

Statistiques générales

  • Ce quiz a été pris 32 fois
  • Le résultat moyen est 196 sur 253

Statistiques - réponses

Réponse% Correct
Katie
100%
Qui
100%
qui
100%
quitté
100%
quitte
100%
Ta
100%
ta
100%
t'a
100%
et
96%
Et
96%
Ce
92%
Un
92%
un
92%
a
88%
à
88%
Au
88%
au
88%
de
88%
Il
88%
la
88%
l'a
88%
le
88%
Ma
88%
sa
88%
soir
88%
T'es
88%
t'es
88%
Tic
88%
bar
85%
blanc
85%
du
85%
est
85%
gare
85%
Igor
85%
noir
85%
quel
85%
Quel
85%
Russe
85%
Se
85%
son
85%
tas
85%
T'as
85%
ton
85%
Ton
85%
boire
81%
Car
81%
comptoir
81%
des
81%
Des
81%
en
81%
était
81%
fai
81%
hasard!
81%
jolie
81%
Katia
81%
n'arrête
81%
qu'à
81%
quitter
81%
s'endort
81%
tactique
81%
toc
81%
vient
81%
chou-
77%
cocu
77%
dort
77%
guère
77%
Ivre
77%
Les
77%
mort
77%
réveil
77%
ses
77%
Ses
77%
sommeil
77%
Tic-tac
77%
Tout
77%
tout
77%
vermeil
77%
avec
73%
bizarre
73%
conseils
73%
grand-
73%
Lui
73%
oreille
73%
Pendant
73%
près
73%
prodigue
73%
quartier
73%
astuces
69%
Dit
69%
d'son
69%
marrent
69%
trucs
69%
y
69%
encore
65%
Mais
65%
une
65%
C'est
62%
côté
62%
coté
62%
crotté
62%
fêtards
62%
hagard
62%
Merveille!
62%
paillards
62%
Pour
62%
qu'attends-tu?
62%
ruses
62%
belle
58%
catins
58%
duc
58%
toqué
58%
toque
58%
tricot
58%
Matin
54%
matin
54%
peur
54%
sonnerie
54%
Taquinaient
54%
troque
54%
cocker
50%
coquin
50%
coup
50%
Quand
50%
réveille-
50%
compte
46%
Cuite-toi
46%
s'écrit
46%
t'cuiter
46%
coquettes
42%
couteau
42%
quai
42%
tickets
42%
attaqué
38%
Caquetaient
38%
croûte
38%
décaties
38%
écus
38%
Ôte
38%
comptés
35%
critiquaient
35%
Quatre
35%
Qu'on
35%
tacot
35%
tant
35%
comptait
31%
Contre
31%
d'étiques
31%
discutaient
31%
tiquant
31%
discutant
27%
bring
12%

Distribution des résultats

Percentile par nombre de réponses

% des personnes avec chaque résultat

Votre développement - résultats

Vous n’avez pas pris ce quiz